[Event "FIN-chT 2223"]
[Site "Finland"]
[Date "2023.01.14"]
[Round "7.3"]
[White "Heinola, Vesa Pekka"]
[Black "Pitkaaho, Aki"]
[Result "1/2-1/2"]
[WhiteElo "2265"]
[BlackElo "2184"]
[PlyCount "65"]
[EventDate "2022.09.24"]
[EventType "team-tourn"]
[EventRounds "11"]
[EventCountry "FIN"]
[SourceTitle "EXT 2024"]
[Source "ChessBase"]
[SourceDate "2023.10.10"]
[SourceVersion "1"]
[SourceVersionDate "2023.10.10"]
[SourceQuality "1"]
[WhiteTeam "Vammala SK"]
[BlackTeam "Raahe Li"]
[WhiteTeamCountry "FIN"]
[BlackTeamCountry "FIN"]

1. e4 c5 2. Nf3 Nc6 3. Bb5 Qc7 4. c3 Nf6 5. d3 e6 6. 0-0 Be7 7. Re1 a6 8. Ba4 b5 9. Bc2 d6 10. Nbd2 0-0 11. Nf1 Bb7 12. Ng3 Rac8 13. Bf4 Rfd8 14. Qe2 Ne5 15. Rac1 h6 16. Bb1 Nxf3+ 17. Qxf3 Qb6 18. Qe2 Bf8 19. Rcd1 b4 20. d4 bxc3 21. bxc3 cxd4 22. cxd4 d5 23. e5 Ne4 24. Nxe4 dxe4 25. Bxe4 Bxe4 26. Qxe4 Rc4 27. Be3 Qa5 28. h3 Ra4 29. Qg4 Kh8 30. Qf3 Kg8 31. Qg4 Kh8 32. Qf3 Kg8 33. Qg4 1/2-1/2

[Event "FIN-chT 2223"]
[Site "Finland"]
[Date "2022.10.16"]
[Round "4.3"]
[White "Heinola, Vesa Pekka"]
[Black "Ahvenjarvi, Jani"]
[Result "1/2-1/2"]
[WhiteElo "2265"]
[BlackElo "2326"]
[PlyCount "40"]
[EventDate "2022.09.24"]
[EventType "team-tourn"]
[EventRounds "11"]
[EventCountry "FIN"]
[SourceTitle "EXT 2024"]
[Source "ChessBase"]
[SourceDate "2023.10.10"]
[SourceVersion "1"]
[SourceVersionDate "2023.10.10"]
[SourceQuality "1"]
[WhiteTeam "Vammala SK"]
[BlackTeam "Tampere Tammer"]
[WhiteTeamCountry "FIN"]
[BlackTeamCountry "FIN"]

1. d4 Nf6 2. Nf3 e6 3. Bg5 c5 4. e3 d5 5. c3 Nbd7 6. Nbd2 Be7 7. Bd3 b6 8. 0-0 Bb7 9. Ne5 0-0 10. Qa4 a6 11. Nxd7 Nxd7 12. Bxe7 Qxe7 13. b4 c4 14. Be2 a5 15. b5 f5 16. f4 g5 17. Nf3 g4 18. Nd2 Nf6 19. Qd1 Rf7 20. a4 Rg7 1/2-1/2

[Event "EU-Cup 37th"]
[Site "Mayrhofen"]
[Date "2022.10.03"]
[Round "1.7"]
[White "Heinola, Vesa Pekka"]
[Black "Christiansen, Johan Sebastian"]
[Result "0-1"]
[WhiteElo "2265"]
[BlackElo "2576"]
[PlyCount "122"]
[EventDate "2022.10.03"]
[EventType "team-swiss"]
[EventRounds "7"]
[EventCountry "AUT"]
[SourceTitle "CBM 210 Extra"]
[Source "ChessBase"]
[SourceDate "2022.11.30"]
[SourceVersion "1"]
[SourceVersionDate "2022.11.30"]
[SourceQuality "1"]
[WhiteTeam "Vammalan Shakkikerho"]
[BlackTeam "Offerspill"]
[WhiteTeamCountry "FIN"]
[BlackTeamCountry "NOR"]

1. d4 Nf6 2. c4 c5 3. d5 b5 4. Nd2 bxc4 5. e4 e6 6. dxe6 dxe6 7. Bxc4 Bb7 8. Qe2 Nc6 9. Ngf3 Be7 10. 0-0 0-0 11. e5 Nd5 12. Ne4 Qc7 13. Nc3 Rad8 14. Re1 Nd4 15. Nxd4 Nxc3 16. bxc3 cxd4 17. cxd4 Rxd4 18. Bb3 Re4 19. Be3 Bg5 20. Bc2 Rxe5 21. Rac1 Qa5 22. Qd3 Be4 23. Qb3 Bxc2 24. Qxc2 Bxe3 25. Rxe3 Rxe3 26. fxe3 g6 27. Rd1 Rb8 28. h3 h5 29. Rf1 Qe5 30. Qf2 Rb7 31. Qf3 Rc7 32. Qa8+ Kg7 33. Qf3 a5 34. a4 Qc3 35. Kh2 Qe5+ 36. Kg1 Rd7 37. Kh1 Kh7 38. Qc6 Qc7 39. Qf3 Qc4 40. Ra1 Kg7 41. Kg1 Rd5 42. Qf2 Qc3 43. Re1 Rd2 44. Qg3 Rd5 45. Rf1 Re5 46. Rf3 Qc1+ 47. Kh2 Qc7 48. Rf4 Rc5 49. h4 Rc3 50. Kh3 e5 51. Rf3 e4 52. Rf4 Qc5 53. Kh2 Rxe3 54. Qf2 f5 55. Qb2+ Rc3 56. Rf2 Qb4 57. Qd2 Rd3 58. Qg5 Qd6+ 59. g3 e3 60. Rxf5 Rd2+ 61. Kg1 Rd1+ 0-1

[Event "FIN-chT 2022"]
[Site "Finland"]
[Date "2022.05.22"]
[Round "11.4"]
[White "Heinola, Vesa Pekka"]
[Black "Hartikainen, Markku"]
[Result "1/2-1/2"]
[WhiteElo "2245"]
[BlackElo "2285"]
[PlyCount "84"]
[EventDate "2020.09.12"]
[EventType "team-tourn"]
[EventRounds "11"]
[EventCountry "FIN"]
[SourceTitle "EXT 2023"]
[Source "ChessBase"]
[SourceDate "2022.10.05"]
[SourceVersion "1"]
[SourceVersionDate "2022.10.05"]
[SourceQuality "1"]
[WhiteTeam "Sastamala VammSK"]
[BlackTeam "Salo SalSK"]
[WhiteTeamCountry "FIN"]
[BlackTeamCountry "FIN"]

1. d4 Nf6 2. Nf3 g6 3. Bg5 Bg7 4. Nbd2 0-0 5. e3 b6 6. Bd3 Bb7 7. Bxf6 Bxf6 8. h4 c5 9. c3 cxd4 10. cxd4 Nc6 11. a3 d5 12. Rc1 Rc8 13. b4 Qd6 14. 0-0 e5 15. b5 Nxd4 16. exd4 e4 17. Qb3 exf3 18. Nxf3 Qf4 19. Rce1 Bxd4 20. Qb4 Rc3 21. Nxd4 Rxd3 22. Nc6 d4 23. Qc4 Rxa3 24. Re7 Bxc6 25. bxc6 Rc3 26. Qd5 Qf6 27. Rxa7 Rxc6 28. Rd7 Rfc8 29. Qxd4 Qxd4 30. Rxd4 Rc1 31. Rxc1 Rxc1+ 32. Kh2 Rc7 33. Rd8+ Kg7 34. Rb8 Rc6 35. Rb7 h5 36. Kg3 Kf6 37. f3 Ke6 38. Kf4 f6 39. g4 Rc4+ 40. Kg3 Rc6 41. Kf4 hxg4 42. fxg4 Rc4+ 1/2-1/2

[Event "FIN-ch"]
[Site "Helsinki"]
[Date "2022.04.21"]
[Round "7"]
[White "Heinola, Vesa Pekka"]
[Black "Wartiovaara, Oliver"]
[Result "1-0"]
[WhiteElo "2278"]
[BlackElo "2205"]
[PlyCount "65"]
[EventDate "2022.04.15"]
[EventType "tourn"]
[EventRounds "9"]
[EventCountry "FIN"]
[EventCategory "3"]
[SourceTitle "CBM 207 Extra"]
[Source "ChessBase"]
[SourceDate "2022.05.31"]
[SourceVersion "1"]
[SourceVersionDate "2022.05.31"]
[SourceQuality "1"]

1. d4 Nf6 2. c4 g6 3. Nc3 Bg7 4. e4 d6 5. f4 0-0 6. Nf3 c5 7. d5 e6 8. Be2 exd5 9. cxd5 Nbd7 10. 0-0 Re8 11. Nd2 c4 12. Bxc4 Nc5 13. e5 dxe5 14. fxe5 Ng4 15. Nf3 Nxe5 16. Bb5 Bd7 17. Nxe5 Bxe5 18. Bxd7 Qxd7 19. Qf3 f5 20. Bf4 Bxf4 21. Qxf4 Ne4 22. Rad1 Rac8 23. d6 Nxc3 24. bxc3 Rxc3 25. Rfe1 Rxe1+ 26. Rxe1 Rc6 27. Rd1 b6 28. Qa4 b5 29. Qxb5 a6 30. Qd5+ Kf8 31. h4 h5 32. Kh2 a5 33. Qxa5 1-0

[Event "FIN-ch"]
[Site "Helsinki"]
[Date "2022.04.20"]
[Round "6"]
[White "Koykka, Pekka"]
[Black "Heinola, Vesa Pekka"]
[Result "1-0"]
[WhiteElo "2346"]
[BlackElo "2278"]
[PlyCount "107"]
[EventDate "2022.04.15"]
[EventType "tourn"]
[EventRounds "9"]
[EventCountry "FIN"]
[EventCategory "3"]
[SourceTitle "CBM 207 Extra"]
[Source "ChessBase"]
[SourceDate "2022.05.31"]
[SourceVersion "1"]
[SourceVersionDate "2022.05.31"]
[SourceQuality "1"]

1. d4 Nf6 2. c4 b6 3. Nf3 Bb7 4. e3 e6 5. Bd3 d5 6. 0-0 Be7 7. cxd5 exd5 8. b3 0-0 9. Ba3 Bxa3 10. Nxa3 Nbd7 11. Rc1 c6 12. Nb1 Qe7 13. Qe2 a6 14. Qb2 c5 15. Nc3 Rac8 16. dxc5 bxc5 17. Rfe1 Rfe8 18. Bf5 g6 19. Bh3 Rc7 20. Qa3 Ne4 21. Bxd7 Rxd7 22. Na4 Rc7 23. Rc2 g5 24. Rec1 g4 25. Ne1 d4 26. Re2 Ng5 27. Rxc5 Rec8 28. b4 Rxc5 29. Nxc5 Nf3+ 30. Nxf3 gxf3 31. Re1 Qg5 32. g3 Rxc5 33. bxc5 Qf5 34. e4 Bxe4 35. Qxa6 Qh3 36. Qf1 Qf5 37. Rd1 d3 38. h4 Qxc5 39. Qe1 Qc2 40. Qd2 Qc8 41. Kh2 Qc2 42. Qxc2 dxc2 43. Rc1 Kg7 44. Kg1 Kf6 45. Kf1 Kf5 46. a4 Kg4 47. Ke1 f5 48. Kd2 f4 49. gxf4 Kxf4 50. a5 Kg4 51. a6 Kxh4 52. Ke3 Bd5 53. Rxc2 Kg4 54. Rc5 1-0

[Event "FIN-chT 2022"]
[Site "Finland"]
[Date "2022.04.10"]
[Round "2.4"]
[White "Heinola, Vesa Pekka"]
[Black "Pulkkinen, Kari"]
[Result "0-1"]
[WhiteElo "2245"]
[BlackElo "2226"]
[PlyCount "96"]
[EventDate "2020.09.12"]
[EventType "team-tourn"]
[EventRounds "11"]
[EventCountry "FIN"]
[SourceTitle "EXT 2023"]
[Source "ChessBase"]
[SourceDate "2022.10.05"]
[SourceVersion "1"]
[SourceVersionDate "2022.10.05"]
[SourceQuality "1"]
[WhiteTeam "Sastamala VammSK"]
[BlackTeam "Helsinki Aatos"]
[WhiteTeamCountry "FIN"]
[BlackTeamCountry "FIN"]

1. d4 g6 2. c4 Bg7 3. e4 c5 4. d5 d6 5. Bd3 e6 6. Nc3 Nf6 7. h3 0-0 8. Nf3 Nbd7 9. 0-0 e5 10. Bg5 h6 11. Be3 Nh7 12. Qd2 f5 13. exf5 gxf5 14. Bxh6 e4 15. Bxg7 Kxg7 16. Nxe4 fxe4 17. Bxe4 Ndf6 18. Bc2 Nh5 19. Qc3+ Kg8 20. Rfe1 Ng5 21. Re3 Nxf3+ 22. Rxf3 Rxf3 23. Qxf3 Qg5 24. Re1 Bd7 25. Qd3 Re8 26. Rxe8+ Bxe8 27. Qh7+ Kf8 28. Qf5+ Qxf5 29. Bxf5 b5 30. b3 Ke7 31. g3 Kf6 32. Bd3 Ke5 33. Kg2 Kd4 34. Be2 Nf6 35. g4 Ne4 36. h4 Nc3 37. Bf3 Nxa2 38. g5 bxc4 39. bxc4 Ke5 40. Bg4 Kf4 41. Bd1 Nc3 42. Bc2 a5 43. g6 Bxg6 44. Bxg6 a4 45. h5 Kg5 46. f4+ Kf6 47. Bc2 a3 48. Bb3 Ne2 0-1

[Event "Turku TuTS op"]
[Site "Turku"]
[Date "2019.11.30"]
[Round "3"]
[White "Heinola, Vesa Pekka"]
[Black "Sipila, Vilka"]
[Result "0-1"]
[WhiteElo "2317"]
[BlackElo "2396"]
[PlyCount "112"]
[EventDate "2019.11.29"]
[EventType "swiss"]
[EventRounds "5"]
[EventCountry "FIN"]
[SourceTitle "EXT 2021"]
[Source "ChessBase"]
[SourceDate "2020.10.23"]
[SourceVersion "1"]
[SourceVersionDate "2020.10.23"]
[SourceQuality "1"]

1. d4 d5 2. c4 e6 3. Nc3 c6 4. e3 Nf6 5. Nf3 Nbd7 6. Qc2 Bd6 7. Be2 0-0 8. 0-0 dxc4 9. Bxc4 e5 10. Rd1 Qe7 11. h3 Nb6 12. Bb3 Be6 13. e4 Bxb3 14. Qxb3 Rad8 15. Bg5 exd4 16. Nxd4 Be5 17. Nf3 h6 18. Nxe5 Qxe5 19. Be3 Rxd1+ 20. Rxd1 Nxe4 21. Nxe4 Qxe4 22. Bxb6 axb6 23. Qxb6 Qe2 24. Qd4 Re8 25. Qd2 Qb5 26. Qc2 Qe2 27. Qd2 Qa6 28. a3 Qb5 29. Qc2 c5 30. b3 b6 31. Kh2 Qc6 32. a4 Qf6 33. Kg1 Qe5 34. Qd2 Re6 35. Qd8+ Kh7 36. Qd3+ g6 37. Qf3 Kg7 38. Qd3 Qb2 39. Rb1 Qf6 40. Rd1 Kh7 41. Qd2 Re4 42. Qc2 Rb4 43. a5 c4 44. Qe4 bxa5 45. bxc4 a4 46. Rd7 Kg7 47. Ra7 Qd6 48. g3 Qc5 49. Qe1 Qxa7 50. Qxb4 a3 51. c5 a2 52. Qc3+ Kh7 53. Qa1 Qa4 54. Kh2 Qc2 55. Qf6 Qf5 56. Qb2 Qb1 0-1

[Event "FIN-chT 1920"]
[Site "Finland"]
[Date "2019.10.19"]
[Round "3.4"]
[White "Mansner, Harry"]
[Black "Heinola, Vesa Pekka"]
[Result "0-1"]
[WhiteElo "2262"]
[BlackElo "2240"]
[PlyCount "128"]
[EventDate "2019.09.14"]
[EventType "team-tourn"]
[EventRounds "11"]
[EventCountry "FIN"]
[SourceTitle "CBM 192 Extra"]
[Source "Chessbase"]
[SourceDate "2019.11.06"]
[SourceVersion "1"]
[SourceVersionDate "2019.11.06"]
[SourceQuality "1"]
[WhiteTeam "Helsinki Ninja"]
[BlackTeam "Sastamala VammSK"]
[WhiteTeamCountry "FIN"]
[BlackTeamCountry "FIN"]

1. d4 Nf6 2. c4 e6 3. Nc3 d5 4. cxd5 exd5 5. Bg5 Nbd7 6. e3 c6 7. Bd3 Be7 8. Nge2 Nf8 9. Qc2 g6 10. 0-0-0 Ne6 11. Bh4 Ng7 12. f3 Nf5 13. Bf2 h5 14. h3 h4 15. e4 Ng7 16. Kb1 Nfh5 17. Rhe1 Be6 18. Na4 0-0 19. Nc5 Bc8 20. Qa4 a6 21. Ka1 Ra7 22. Bb1 Ne6 23. Nd3 Bg5 24. e5 Neg7 25. f4 Be7 26. Be3 Bf5 27. Rg1 Ne6 28. Nf2 Bxb1 29. Rxb1 Neg7 30. Nh1 Nf5 31. Bf2 Qd7 32. Rbf1 Kg7 33. g4 hxg3 34. Nhxg3 Nhxg3 35. Nxg3 Rh8 36. Qc2 Nxg3 37. Bxg3 Qf5 38. Qxf5 gxf5 39. Be1+ Kf8 40. h4 b6 41. Rg5 Bxg5 42. fxg5 c5 43. Rxf5 Kg7 44. Rf4 cxd4 45. Rxd4 Rd7 46. Kb1 Kg6 47. Kc2 Kf5 48. Kd3 Rc8 49. b3 Rc1 50. Bd2 Rh1 51. Rf4+ Kxe5 52. Rf6 Rh3+ 53. Ke2 d4 54. Rxb6 d3+ 55. Kf2 Rh2+ 56. Ke1 Kd5 57. Bf4 Re2+ 58. Kd1 Rf2 59. Rf6 Ke4 60. Be5 Rxa2 61. Bg3 d2 62. Rf4+ Ke3 63. Ra4 Rxa4 64. bxa4 Rb7 0-1

[Event "FIN-chT 1920"]
[Site "Finland"]
[Date "2019.09.14"]
[Round "1.4"]
[White "Heinola, Vesa Pekka"]
[Black "Kokkila, Tero"]
[Result "0-1"]
[WhiteElo "2240"]
[BlackElo "2247"]
[PlyCount "70"]
[EventDate "2019.09.14"]
[EventType "team-tourn"]
[EventRounds "11"]
[EventCountry "FIN"]
[SourceTitle "EXT 2020"]
[Source "ChessBase"]
[SourceDate "2019.10.17"]
[SourceVersion "1"]
[SourceVersionDate "2019.10.17"]
[SourceQuality "1"]
[WhiteTeam "Sastamala VammSK"]
[BlackTeam "Vantaa EtVaS"]
[WhiteTeamCountry "FIN"]
[BlackTeamCountry "FIN"]

1. d4 Nf6 2. c4 e6 3. Nf3 d5 4. Nc3 c6 5. cxd5 exd5 6. Qc2 Be7 7. Bg5 0-0 8. e3 Ne4 9. h4 Nxg5 10. hxg5 g6 11. Bd3 Na6 12. a3 Bxg5 13. Ne5 Bf6 14. f4 Bxe5 15. fxe5 Qg5 16. 0-0-0 Qxe3+ 17. Kb1 Bg4 18. Rde1 Qxd4 19. Ne2 Qxe5 20. Nc1 Qg5 21. g3 Rae8 22. Ref1 Re3 23. Qh2 h5 24. Bc2 Bf3 25. Rhg1 Be4 26. Bxe4 Rxe4 27. Rf3 Rfe8 28. Qf2 Qe7 29. Rf1 Re1 30. Rxe1 Qxe1 31. Qxa7 Qe4+ 32. Rd3 c5 33. Ka1 Qh1 34. Rc3 d4 35. Rc4 d3 0-1

[Event "Tampere TammerSh Spring op-A"]
[Site "Tampere"]
[Date "2019.04.21"]
[Round "3"]
[White "Karttunen, Mika"]
[Black "Heinola, Vesa Pekka"]
[Result "1-0"]
[WhiteElo "2480"]
[BlackElo "2307"]
[PlyCount "107"]
[EventDate "2019.04.20"]
[EventType "swiss"]
[EventRounds "4"]
[EventCountry "FIN"]
[SourceTitle "EXT 2021"]
[Source "ChessBase"]
[SourceDate "2020.10.23"]
[SourceVersion "1"]
[SourceVersionDate "2020.10.23"]
[SourceQuality "1"]

1. e4 c5 2. Nf3 Nc6 3. d4 cxd4 4. Nxd4 g6 5. c4 Bg7 6. Be3 Nf6 7. Nc3 0-0 8. Be2 d6 9. 0-0 Bd7 10. Nc2 a6 11. f3 Ne5 12. Qd2 Rc8 13. Na3 Re8 14. Nd5 Nxd5 15. cxd5 f5 16. exf5 Bxf5 17. h3 b5 18. g4 Bd7 19. f4 Nf7 20. Rac1 e5 21. dxe6 Bxe6 22. Rxc8 Bxc8 23. b3 Qe7 24. Nc2 Bb7 25. Bd1 Qh4 26. Bf3 Bxf3 27. Rxf3 Qe7 28. Rf1 Qe4 29. Re1 Qc6 30. Nd4 Qd5 31. Nc2 Qc6 32. Bf2 Rxe1+ 33. Nxe1 d5 34. Nd3 d4 35. Qe2 Kf8 36. Be1 Kg8 37. Qg2 Qe8 38. Bf2 h5 39. gxh5 Qe2 40. Qxg6 Nh8 41. Qf5 Nf7 42. a4 Qd1+ 43. Kg2 Qxb3 44. Nc5 Qc4 45. Ne6 Qc6+ 46. Kg1 Qc1+ 47. Kh2 Qb2 48. Kg3 Qc3+ 49. Kh2 Qf3 50. Kg1 Qd1+ 51. Kg2 d3 52. Qg6 Qa1 53. Bd4 Qa2+ 54. Kg3 1-0

[Event "Tampere TammerSh Spring op-A"]
[Site "Tampere"]
[Date "2019.04.20"]
[Round "2"]
[White "Heinola, Vesa Pekka"]
[Black "Puuska, Heini"]
[Result "1/2-1/2"]
[WhiteElo "2307"]
[BlackElo "1979"]
[PlyCount "98"]
[EventDate "2019.04.20"]
[EventType "swiss"]
[EventRounds "4"]
[EventCountry "FIN"]
[SourceTitle "EXT 2021"]
[Source "ChessBase"]
[SourceDate "2020.10.23"]
[SourceVersion "1"]
[SourceVersionDate "2020.10.23"]
[SourceQuality "1"]

1. d4 d5 2. c4 e6 3. Nc3 Nf6 4. Bg5 Nbd7 5. cxd5 exd5 6. Qc2 c6 7. e3 h6 8. Bh4 g5 9. Bg3 Nh5 10. Bd3 Nxg3 11. hxg3 Nb6 12. Nge2 Qe7 13. 0-0-0 Bd7 14. Kb1 0-0-0 15. Nc1 Kb8 16. Nb3 Bc8 17. Rhe1 Bg7 18. Nc5 Nd7 19. Nxd7+ Qxd7 20. Ka1 f5 21. Na4 Bf8 22. Rc1 Bd6 23. Nc5 Bxc5 24. Qxc5 Qd6 25. Qc3 h5 26. Rh1 Rh6 27. b4 Bd7 28. f4 g4 29. Qc2 Rf8 30. Rb1 Qe7 31. Qd2 Re8 32. Rbe1 h4 33. Qc2 Qf6 34. Qf2 hxg3 35. Qxg3 Rxh1 36. Rxh1 Qe7 37. Re1 Qxb4 38. Bc2 a5 39. Qf2 Qc3+ 40. Kb1 Qb4+ 41. Ka1 a4 42. Re2 Rh8 43. Qe1 Qxe1+ 44. Rxe1 b5 45. a3 Rh2 46. Rg1 Kc7 47. Kb2 Kd6 48. Kc3 Be6 49. Kb4 Bd7 1/2-1/2

[Event "FIN-chT 1819"]
[Site "Finland"]
[Date "2019.04.06"]
[Round "10.3"]
[White "Sipila, Vilka"]
[Black "Heinola, Vesa Pekka"]
[Result "0-1"]
[WhiteElo "2381"]
[BlackElo "2266"]
[PlyCount "68"]
[EventDate "2018.09.15"]
[EventType "team-tourn"]
[EventRounds "11"]
[EventCountry "FIN"]
[SourceTitle "CBM 189 Extra"]
[Source "ChessBase"]
[SourceDate "2019.06.03"]
[SourceVersion "1"]
[SourceVersionDate "2019.06.03"]
[SourceQuality "1"]
[WhiteTeam "Turku TuTS"]
[BlackTeam "Sastamala VammSK"]
[WhiteTeamCountry "FIN"]
[BlackTeamCountry "FIN"]

1. d4 d5 2. c4 e6 3. Nf3 Nf6 4. g3 Be7 5. Bg2 0-0 6. 0-0 c6 7. Qc2 b6 8. Nbd2 Bb7 9. e4 dxe4 10. Nxe4 Nxe4 11. Qxe4 Nd7 12. b3 Qc7 13. Bb2 c5 14. Qe2 cxd4 15. Nxd4 Bxg2 16. Kxg2 Bf6 17. Rfd1 a6 18. Rac1 Rac8 19. b4 Qb7+ 20. f3 Rfe8 21. Rc2 Bxd4 22. Rxd4 e5 23. Rd6 e4 24. Rd5 b5 25. Bd4 Rxc4 26. Rxc4 Qxd5 27. Rc1 Qxd4 28. Rd1 exf3+ 29. Qxf3 Qb2+ 30. Kh3 Nf6 31. Qc6 Qe5 32. Rd6 Qf5+ 33. Kg2 Re2+ 34. Kh1 Qf1# 0-1

[Event "Helsinki MatSK op"]
[Site "Helsinki"]
[Date "2019.02.23"]
[Round "5"]
[White "Heinola, Vesa Pekka"]
[Black "Ertbjerg, Per"]
[Result "1-0"]
[WhiteElo "2261"]
[BlackElo "1988"]
[PlyCount "101"]
[EventDate "2019.02.22"]
[EventType "swiss"]
[EventRounds "7"]
[EventCountry "FIN"]
[SourceTitle "CBM 189 Extra"]
[Source "ChessBase"]
[SourceDate "2019.06.03"]
[SourceVersion "1"]
[SourceVersionDate "2019.06.03"]
[SourceQuality "1"]

1. d4 Nf6 2. c4 g6 3. Nc3 d5 4. e3 Bg7 5. cxd5 Nxd5 6. Nxd5 Qxd5 7. Ne2 0-0 8. Nc3 Qa5 9. Be2 c5 10. d5 b5 11. 0-0 a6 12. e4 b4 13. Nb1 Rd8 14. Nd2 Nd7 15. Nc4 Qc7 16. Bg5 Re8 17. Bxe7 Rxe7 18. d6 Qd8 19. dxe7 Qxe7 20. Qd5 Rb8 21. Rad1 Bd4 22. Rxd4 cxd4 23. Qxd4 Nc5 24. f3 Be6 25. Rd1 Na4 26. Ne3 a5 27. Kf1 Qc7 28. g3 h5 29. f4 h4 30. Kf2 Qc5 31. b3 hxg3+ 32. hxg3 Qxd4 33. Rxd4 Nc3 34. f5 Bc8 35. Rd8+ Kg7 36. Bf3 Nxa2 37. e5 Nc1 38. f6+ Kh6 39. e6 Bxe6 40. Rxb8 Bxb3 41. Ng4+ Kh7 42. Ne5 Be6 43. Ke3 b3 44. Kd2 Na2 45. Be4 Nb4 46. Kc3 Na6 47. Rb5 a4 48. Ra5 Nc7 49. Rxa4 Ne8 50. Bxg6+ fxg6 51. f7 1-0

[Event "Helsinki MatSK op"]
[Site "Helsinki"]
[Date "2019.02.22"]
[Round "3"]
[White "Heinola, Vesa Pekka"]
[Black "Keso, Elias"]
[Result "1-0"]
[WhiteElo "2261"]
[BlackElo "2114"]
[PlyCount "65"]
[EventDate "2019.02.22"]
[EventType "swiss"]
[EventRounds "7"]
[EventCountry "FIN"]
[SourceTitle "CBM 189 Extra"]
[Source "ChessBase"]
[SourceDate "2019.06.03"]
[SourceVersion "1"]
[SourceVersionDate "2019.06.03"]
[SourceQuality "1"]

1. d4 Nf6 2. c4 g6 3. Nc3 Bg7 4. e4 d6 5. f4 0-0 6. Nf3 c5 7. d5 e6 8. Be2 exd5 9. cxd5 Bg4 10. 0-0 Re8 11. h3 Bxf3 12. Bxf3 Nbd7 13. g4 b5 14. g5 Nh5 15. Bxh5 gxh5 16. e5 dxe5 17. f5 e4 18. f6 Bh8 19. Be3 b4 20. Ne2 Ne5 21. Nf4 h4 22. d6 Nc4 23. Bxc5 Re5 24. Nd5 Rxg5+ 25. Kh2 Nxb2 26. Qd2 h6 27. Ne7+ Kf8 28. Rg1 Bxf6 29. Rxg5 hxg5 30. Rf1 Be5+ 31. Kg2 e3 32. Qd5 Bf4 33. Qd4 1-0

[Event "Helsinki-chA"]
[Site "Helsinki"]
[Date "2019.01.04"]
[Round "6"]
[White "Heinola, Vesa Pekka"]
[Black "Aberg, Tomi"]
[Result "1/2-1/2"]
[WhiteElo "2279"]
[BlackElo "2159"]
[PlyCount "103"]
[EventDate "2018.12.29"]
[EventType "tourn"]
[EventRounds "7"]
[EventCountry "FIN"]
[SourceTitle "EXT 2021"]
[Source "ChessBase"]
[SourceDate "2020.10.23"]
[SourceVersion "1"]
[SourceVersionDate "2020.10.23"]
[SourceQuality "1"]

1. d4 d5 2. c4 dxc4 3. e3 e6 4. Bxc4 Nf6 5. Nf3 a6 6. 0-0 b5 7. Bb3 Bb7 8. Nc3 c5 9. e4 cxd4 10. Nxd4 Bc5 11. Be3 0-0 12. Nxe6 Qxd1 13. Raxd1 Bxe3 14. fxe3 fxe6 15. Bxe6+ Kh8 16. e5 b4 17. Ne2 Nc6 18. exf6 gxf6 19. Bd5 Rae8 20. e4 f5 21. Ng3 fxe4 22. Rxf8+ Rxf8 23. Bxe4 Na5 24. Bxb7 Nxb7 25. Rd5 Rc8 26. Nf5 Nc5 27. Nd6 Rc6 28. Nf5 Rc8 29. h4 Na4 30. Rd7 Nxb2 31. Ra7 Rf8 32. Nh6 Rf6 33. Ng4 Re6 34. h5 h6 35. Rb7 Nd3 36. Kh2 a5 37. Rb5 a4 38. Kg3 Kg7 39. Rb7+ Kf8 40. Kf3 Ke8 41. Rb5 Kd7 42. Ne3 Re5 43. Rxe5 Nxe5+ 44. Ke4 b3 45. axb3 axb3 46. Nd1 Nc4 47. Kd3 b2 48. Kc2 Ke6 49. Nxb2 Ne3+ 50. Kd3 Nxg2 51. Ke4 Kf6 52. Kf3 1/2-1/2

[Event "Helsinki-chA"]
[Site "Helsinki"]
[Date "2019.01.03"]
[Round "5"]
[White "Aalto, Patrik"]
[Black "Heinola, Vesa Pekka"]
[Result "0-1"]
[WhiteElo "2014"]
[BlackElo "2279"]
[PlyCount "150"]
[EventDate "2018.12.29"]
[EventType "tourn"]
[EventRounds "7"]
[EventCountry "FIN"]
[SourceTitle "EXT 2021"]
[Source "ChessBase"]
[SourceDate "2020.10.23"]
[SourceVersion "1"]
[SourceVersionDate "2020.10.23"]
[SourceQuality "1"]

1. e4 c5 2. Nf3 Nc6 3. d4 cxd4 4. Nxd4 g6 5. c4 Bg7 6. Be3 Nf6 7. Nc3 0-0 8. Be2 d6 9. 0-0 Nxd4 10. Bxd4 Bd7 11. f3 a5 12. b3 Bc6 13. Nd5 Bxd5 14. cxd5 Nd7 15. Bxg7 Kxg7 16. Qd4+ Kg8 17. Rac1 Nc5 18. Qc4 Rb8 19. Qb5 Ra8 20. a3 a4 21. b4 Nb3 22. Rc3 Rc8 23. Rxc8 Qxc8 24. Qxa4 Nd4 25. Qd1 Qc3 26. Qd3 Nxe2+ 27. Qxe2 Qxa3 28. Qc4 Qe3+ 29. Kh1 Ra8 30. Qc1 Qxc1 31. Rxc1 Ra4 32. Rb1 Ra2 33. h4 Rc2 34. Kh2 Kg7 35. Kg3 Kf6 36. f4 e5 37. dxe6 Kxe6 38. b5 h5 39. Kf3 Rc3+ 40. Kf2 f5 41. Rb4 Rc5 42. b6 Rc6 43. Ke3 fxe4 44. Kxe4 Rc2 45. Kf3 d5 46. Rb3 Kd6 47. g4 hxg4+ 48. Kxg4 Ke6 49. Re3+ Kf6 50. Rd3 Rc5 51. Rd1 Rb5 52. Rd2 Rxb6 53. Rxd5 Rb1 54. Rd6+ Kg7 55. Rd7+ Kh6 56. Kf3 b5 57. Rb7 b4 58. Rb5 b3 59. Kg3 b2 60. Kg2 Kg7 61. Rb6 Kf7 62. Kh2 Ke7 63. Kg2 Kd7 64. f5 gxf5 65. h5 Ke7 66. h6 Kf7 67. h7 Kg7 68. Rb7+ Kh8 69. Kh2 f4 70. Rb8+ Kxh7 71. Rb7+ Kg6 72. Rb6+ Kf5 73. Rb3 Ke4 74. Rb4+ Kd5 75. Rxf4 Rc1 0-1

[Event "Helsinki-chA"]
[Site "Helsinki"]
[Date "2018.12.30"]
[Round "2"]
[White "Heinola, Vesa Pekka"]
[Black "Kekki, Jorma J"]
[Result "1-0"]
[WhiteElo "2279"]
[BlackElo "2000"]
[PlyCount "69"]
[EventDate "2018.12.29"]
[EventType "tourn"]
[EventRounds "7"]
[EventCountry "FIN"]
[SourceTitle "EXT 2021"]
[Source "ChessBase"]
[SourceDate "2020.10.23"]
[SourceVersion "1"]
[SourceVersionDate "2020.10.23"]
[SourceQuality "1"]

1. d4 d5 2. c4 c6 3. Nc3 Nf6 4. Nf3 g6 5. cxd5 cxd5 6. Bg5 Bg7 7. Qb3 e6 8. e3 0-0 9. Bd3 Qb6 10. Qc2 Nc6 11. a3 Bd7 12. 0-0 Rac8 13. h3 Na5 14. Ne5 Qd6 15. Bf4 Qe7 16. Qe2 Nc6 17. Bg5 h6 18. Bh4 g5 19. Bg3 Nxe5 20. dxe5 Ne8 21. f4 f5 22. exf6 Nxf6 23. fxg5 hxg5 24. Be5 Nh5 25. Bd6 Rxf1+ 26. Rxf1 Qe8 27. Qg4 Nf6 28. Qxg5 Qh5 29. Qg3 Kf7 30. e4 Qg6 31. Qxg6+ Kxg6 32. e5+ Ne4 33. Nxe4 dxe4 34. Bxe4+ Kh6 35. Rf4 1-0

[Event "Turku TuTS op"]
[Site "Turku"]
[Date "2018.12.01"]
[Round "3"]
[White "Sipila, Vilka"]
[Black "Heinola, Vesa Pekka"]
[Result "1-0"]
[WhiteElo "2390"]
[BlackElo "2274"]
[PlyCount "65"]
[EventDate "2018.11.30"]
[EventType "swiss"]
[EventRounds "5"]
[EventCountry "FIN"]
[SourceTitle "EXT 2021"]
[Source "ChessBase"]
[SourceDate "2020.10.23"]
[SourceVersion "1"]
[SourceVersionDate "2020.10.23"]
[SourceQuality "1"]

1. d4 Nf6 2. c4 g6 3. f3 d5 4. cxd5 Nxd5 5. e4 Nb6 6. Nc3 Bg7 7. Be3 0-0 8. Qd2 Nc6 9. 0-0-0 Qd6 10. Nb5 Qd7 11. Kb1 a6 12. Na3 Na7 13. h4 Rd8 14. d5 Nb5 15. Nc4 Nxc4 16. Bxc4 Nd6 17. Bd3 Qa4 18. h5 e6 19. hxg6 fxg6 20. Rc1 exd5 21. Rxc7 Be6 22. b3 Qe8 23. Rxg7+ Kxg7 24. Bd4+ Kg8 25. Qg5 Qf7 26. Qe5 Kf8 27. Rh4 dxe4 28. fxe4 Ke7 29. Nf3 h5 30. Ng5 Qg8 31. Bc5 b6 32. Ba3 Rd7 33. Bc4 1-0